00258nam a2200097Ia 4500008004100000100001900041245003100060260004300091300000800134650001800142191201s2012 xx 000 0 und d aGULIA, Yashpal 0aHaryana ka Riyasati Itihas aN. DelhibHaryana Granth Academyc2012 a189 aGeneral Books